| 000 | 00885cam a2200277 4500 | ||
|---|---|---|---|
| 008 | 090401t1993 xxu||||| |||| 00| 0 eng d | ||
| 020 | _a0906182700 | ||
| 035 | _a(Sirsi) u20121 | ||
| 041 | _aeng | ||
| 050 | _a690.23 | ||
| 090 | _aRICS 1993/22ABC | ||
| 110 |
_aBuilding Cost Information Service _91096 |
||
| 245 | _aGuide to house rebuilding costs 1993. Contains costs as at 20th January 1993 | ||
| 250 | _a15th ed. | ||
| 260 |
_aKingston Upon Thames _bBuilding Cost Information Service _c1993 |
||
| 300 | _a111p. ; 30cm. | ||
| 350 | _a26 | ||
| 520 | _aPrepared on behalf of the Association of British Insurers. | ||
| 650 | _aASSOCIATION OF BRITISH INSURERS | ||
| 650 | _aBCIS | ||
| 650 | _aINSURANCE VALUATION | ||
| 650 | _aBUILT ENVIRONMENT-BUILDING COSTS-REINSTATEMENT COSTS | ||
| 690 | _aBUILT ENVIRONMENT-BUILDING COSTS | ||
| 942 | _n0 | ||
| 948 | _c04/03/1997 | ||
| 999 |
_c87760 _d87760 |
||